A YEAR in Spain / (Record no. 33661)

MARC details
000 -LEADER
campo de control de longitud fija 00495nam a2200181 i 4500
001 - NÚMERO DE CONTROL
campo de control C00034441c
005 - FECHA Y HORA DE LA ÚLTIMA TRANSACCIÓN
campo de control 20241029144812.0
008 - DATOS DE LONGITUD FIJA--INFORMACIÓN GENERAL
campo de control de longitud fija 980903s1831 xxk 000 0 eng d
080 ## - NÚMERO DE LA CLASIFICACIÓN DECIMAL UNIVERSAL
Número de la Clasificación Decimal Universal 914.60
245 02 - MENCIÓN DEL TÍTULO
Título A YEAR in Spain /
Mención de responsabilidad, etc. by a young american.
260 ## - PUBLICACIÓN, DISTRIBUCIÓN, ETC.
Lugar de publicación, distribución, etc. London :
Nombre del editor, distribuidor, etc. John Murray,
Fecha de publicación, distribución, etc. 1931.
300 ## - DESCRIPCIÓN FÍSICA
Extensión 2 v. ;
Dimensiones 21 cm.
500 ## - NOTA GENERAL
Nota general Legado Lafuente Ferrari.
651 ## - PUNTO DE ACCESO ADICIONAL DE MATERIA--NOMBRE GEOGRÁFICO
Nombre geográfico España-
Subdivisión general Descripciones y viajes.
9 (RLIN) 79277
852 42 - LOCALIZACIÓN
Número de control de estantería LF-8738, LF-8739
Holdings
Estatus retirado Estado de pérdida Estado de daño No para préstamo Colección Biblioteca de origen Biblioteca actual Ubicación en estantería Fecha de adquisición Fuente de adquisición Total de préstamos Signatura topográfica completa Código de barras Visto por última vez Precio de reemplazo Tipo de ítem Koha
          Real Academia de la Bellas Artes de San Fernando Real Academia de la Bellas Artes de San Fernando Biblioteca Lafuente Ferrari 03/09/1998 D   LF-8738-8739 1036578 15/10/2024 15/10/2024 Fondo antiguo

Powered by Koha